Quel est le pays le plus proche ? - Capitales européennes - Statistiques

Statistiques générales
  • Ce quiz a été pris 49 fois
  • Le résultat moyen est 37 sur 46
Statistiques - réponses
Capitale Pays le plus proche % Correct
Berlin Pologne
100%
Andorre-la-Vieille Espagne
96%
Paris Belgique
93%
Vatican Italie
93%
Bruxelles Pays-Bas
93%
Madrid Portugal
93%
Luxembourg France
91%
Copenhague Suède
91%
Amsterdam Belgique
89%
Monaco France
89%
Dublin Royaume-Uni
89%
Zagreb Slovénie
87%
Oslo Suède
87%
Tirana Macédoine du Nord
85%
Athènes Turquie
85%
Lisbonne Espagne
83%
Londres France
83%
La Valette Italie
83%
Saint-Marin Italie
83%
Rome Vatican
83%
Prague Allemagne
80%
Helsinki Estonie
80%
Reykjavik Danemark (Groenland)
78%
Tallinn Finlande
78%
Budapest Slovaquie
78%
Moscou Biélorussie
76%
Berne France
76%
Minsk Lituanie
76%
Sarajevo Monténégro
76%
Vienne Slovaquie
76%
Bucarest Bulgarie
74%
Stockholm Finlande
74%
Riga Lituanie
74%
Vaduz Suisse
74%
Vilnius Biélorussie
72%
Chișinău Roumanie
72%
Nicosie Turquie
72%
Varsovie Biélorussie
70%
Sofia Serbie
70%
Pristina Serbie
70%
Kiev Biélorussie
67%
Ljubljana Autriche
63%
Skopje Kosovo
63%
Belgrade Roumanie
63%
Podgorica Albanie
61%
Bratislava Autriche
61%
Aucun quiz correspondant
Distribution des résultats
% des personnes avec chaque résultat
Percentile par nombre de réponses
Votre historique - résultats
Vous n’avez pas pris ce quiz